000 00298nam a22001337a 4500
008 170825b xxu||||| |||| 00| 0 eng d
020 _a9781582120164
041 _aeng
080 _a047
100 _a39
101 _aMED
245 _aRESUME CV INTERVIEWING
_cREINDERS.TH.P
942 _2udc
_cBK
999 _c24972
_d24972